000 00767nam a2200265 i 4500
001 bg
100 1 _aRODACKI, Tadeusz
245 1 0 _aPrrzetwarzanie energii w elektrowniach słonecznych /
_cTadeusz Rodacki, Andrzej Kandyba.
260 _aGliwice :
_bWydaw. Politechniki Śląskiej,
_c2000.
300 _a113 s. :
_brys., wykr. ;
_c24 cm.
490 1 _aMonografia
500 _aStreszcz ang.
504 _aBibliogr.
650 9 _aEnergetyka słoneczna
_xurządzenia
650 9 _aFotoelektryczność
700 1 _aKANDYBA, Andrzej
830 _aMonografia
020 _a8388000969
040 _cBPK
041 0 _apl
_ben
080 _a621.31:621.382/.383:551.52
920 _a83-88000-96-9
942 _cKS
008 s pl f |000 0 pol
999 _c37551
_d37551
856 _uhttp://koha.tu.koszalin.pl/cgi-bin/koha/opac-detail.pl?biblionumber=37551
_yKatalog online BPK